000 00362nam a2200121Ia 4500
008 220216s9999 xx 000 0 und d
245 0 _aCollecting, handling and planting of propagation materials of para rubber Hevea brasiliensis
260 _bPlanters Bulletin
_c1974
300 _a98-103
650 _aHevea brasiliensis
650 _aPara rubber
942 _cJS
999 _c55841
_d55841